| 000 | 01006nam a2200289 a 4500 | ||
|---|---|---|---|
| 001 | 000017969 | ||
| 003 | DO-SdBNP | ||
| 005 | 20250219074027.0 | ||
| 007 | ta | ||
| 008 | 100408s2006 dr c 000 0cspa d | ||
| 020 | _a9993479853 | ||
| 040 |
_aDO-SdBNP _bspa _cBNPHU |
||
| 082 | 4 |
_a928.61 _bP438es _222 |
|
| 100 | 1 |
_aPérez, Isael, _d1961- _91414 |
|
| 245 | 1 | 0 |
_aEscritores de la provincia de Hato Mayor / _cIsael Pérez ; prólogo Robert Berroa. |
| 260 |
_aSanto Domingo : _bBúho, _c2006. |
||
| 300 |
_a112 p. : _bil., retrs. ; _c23 cm. |
||
| 504 | _aBibliografía : p. 105-108. | ||
| 590 | _aInventariado, 2020/MFF | ||
| 650 | 4 |
_aAutores dominicanos _vBiografías _938563 |
|
| 651 | 4 |
_aHato Mayor (República Dominicana) _vBiografías _938963 |
|
| 651 | 4 |
_aHato Mayor (República Dominicana) _xVida intelectural _938964 |
|
| 651 | 4 |
_aRepública Dominicana _vBiografías _91083 |
|
| 700 | 1 |
_aBerroa, Robert, _epról. _910541 |
|
| 910 | _aValidado. Control de calidad MMOLINA | ||
| 942 |
_2ddc _cLBS1 |
||
| 999 |
_c17493 _d17493 |
||